Haupstädte mit d - Statistiken

Allgemein
  • Dieses Quiz wurde 79 mal gespielt
  • Das Durchschnittsergebnis liegt bei 5 aus 9
Antwortstatistiken
Antwort % Korrekt
Dublin
76%
Dakar
66%
Damaskus
61%
Dhaka
60%
Dschibuti
56%
Dili
50%
Doha
50%
Duschanbe
47%
Dodoma
37%
Keine übereinstimmenden Quizze gefunden
Verteilung der Resultate
Anzahl Personen mit jedem Resultat
Perzentil nach korrekt beantworteten Fragen
Ihre Resultats-Entwicklung
Sie haben dieses Quiz noch nicht gespielt